000 00222 a2200109 4500
020 _a9788444161945
041 _aspa
100 _aDisney, Walt
245 _aMis cuentos de Winnie the Pooh
942 _cBK
952 _74
_xok
999 _c25811
_d25811